Experimental filmmaking : (Record no. 23104)

MARC details
000 -LEADER
fixed length control field 01316cam a2200301 i 4500
001 - CONTROL NUMBER
control field 18359213
003 - CONTROL NUMBER IDENTIFIER
control field EG-ScBUE
005 - DATE AND TIME OF LATEST TRANSACTION
control field 20230329105305.0
008 - FIXED-LENGTH DATA ELEMENTS--GENERAL INFORMATION
fixed length control field 141104s2016 maua fr 000 0 eng d
020 ## - INTERNATIONAL STANDARD BOOK NUMBER
International Standard Book Number 9780240823966
040 ## - CATALOGING SOURCE
Original cataloging agency DLC
Language of cataloging eng
Description conventions rda
Transcribing agency DLC
Modifying agency EG-ScBUE
082 04 - DEWEY DECIMAL CLASSIFICATION NUMBER
Classification number 791.430232
Edition number 22
Item number RAM
100 1# - MAIN ENTRY--PERSONAL NAME
Personal name Ramey, Kathryn,
Relator term author.
245 10 - TITLE STATEMENT
Title Experimental filmmaking :
Remainder of title break the machine /
Statement of responsibility, etc Kathryn Ramey.
264 #1 - PUBLICATION, DISTRIBUTION, ETC. (IMPRINT)
Place of publication, distribution, etc Burlington ;
-- Oxon :
Name of publisher, distributor, etc Focal Press / Taylor & Francis Group,
Date of publication, distribution, etc 2016.
300 ## - PHYSICAL DESCRIPTION
Extent xi, 404 pages :
Other physical details illustrations ;
Dimensions 24 cm
336 ## - CONTENT TYPE
Source rdacontent
Content type term text
Content type code txt
337 ## - MEDIA TYPE
Source rdamedia
Media type term unmediated
Media type code n
338 ## - CARRIER TYPE
Source rdacarrier
Carrier type term volume
Carrier type code nc
504 ## - BIBLIOGRAPHY, ETC. NOTE
Bibliography, etc Includes bibliographical references and index.<br/>
505 0# - FORMATTED CONTENTS NOTE
Formatted contents note Film-destroy -- Film-create -- Optical printing -- Sound experiments -- In the soup -- In the soup 2 -- In the soup: eco hand processing -- Doin' it in the dark -- Optical printing DIY -- Pinhole photography -- Gallery work -- Film as performance -- Glitch -- Conclusion.
650 #7 - SUBJECT ADDED ENTRY--TOPICAL TERM
Topical term or geographic name as entry element Motion pictures
General subdivision Production and direction
Form subdivision Handbooks, manuals, etc.
Source of heading or term BUEsh
650 #7 - SUBJECT ADDED ENTRY--TOPICAL TERM
Topical term or geographic name as entry element Experimental films
General subdivision Production and direction
Form subdivision Handbooks, manuals, etc.
Source of heading or term BUEsh
651 ## - SUBJECT ADDED ENTRY--GEOGRAPHIC NAME
Source of heading or term BUEsh
653 ## - INDEX TERM--UNCONTROLLED
Resource For college Communication and mass media
Arrived date list November2016
655 ## - INDEX TERM--GENRE/FORM
Form subdivision Reading book
942 ## - ADDED ENTRY ELEMENTS (KOHA)
Source of classification or shelving scheme Dewey Decimal Classification
Koha item type Book - Borrowing
Holdings
Withdrawn status Lost status Source of classification or shelving scheme Damaged status Not for loan Collection code Home library Current library Shelving location Date acquired Source of acquisition Cost, normal purchase price Serial Enumeration / chronology Total Checkouts Total Renewals Full call number Barcode Date last seen Date checked out Cost, replacement price Price effective from Koha item type
    Dewey Decimal Classification     Baccah Central Library Central Library Second Floor 13/11/2016 Purchase 450.00 25144 1 29 791.430232 RAM 000034741 15/07/2025 21/02/2024 562.50 13/11/2016 Book - Borrowing